000 005480000a22001690004500
090 _aAR
_b01239
245 1 0 _aOryzomys couesi only subspecifically different from the marsh rice rat, Oryzomys palustris
650 1 4 _aRoedores
_97408
650 1 4 _aSistemática animal
_992968
650 1 4 _aMorfología animal
_99953
653 _gOryzomys
_eOryzomys palustris
653 _gOryzomys
_eOryzomys couesi
041 0 _aInglés
100 1 _aHoffman, Forrest M.
_992960
942 _cARTICULO
773 1 _tSouthwestern Naturalist
_3458
_h3
_q171-173
_d1960
_g5
999 _c10325
_d10325